Sports Quiz

Random Sports or Baseball Quiz

MLB Over/Under: .300 Career Batting Average Quiz Stats

 Plays Quiz Updated Sep 21, 2014

Challenge
Share
Tweet
Embed
Score 0/30 Timer 06:00
0 Plays Today
Player O/U? % Correct
Roberto Clemente???
84.7%
Pete Rose???
81.4%
Willie Mays???
79.1%
Derek Jeter???
77.2%
Larry Walker???
74.1%
Chipper Jones???
70.1%
Dave Parker???
69.8%
Julio Franco???
68.2%
Manny Ramirez???
67.9%
Hank Aaron???
66%
Gary Sheffield???
65.4%
Nomar Garciaparra???
63.8%
Don Mattingly???
63.4%
Frank Thomas???
63%
Michael Young???
62.3%
Player O/U? % Correct
Paul O'Neill???
62.1%
Tim Raines???
60%
Andres Galarraga???
59.6%
Billy Williams???
58.7%
Willie McGee???
57.1%
Magglio Ordonez???
54.8%
Bill Madlock???
47.3%
Alex Rodriguez???
45.6%
Tony Oliva???
45.2%
Mickey Mantle???
45.1%
Frank Robinson???
43.8%
Al Kaline???
40.5%
Barry Bonds???
39%
John Olerud???
38.8%
Carl Yastrzemski???
34.9%

You're not logged in!

Compare scores with friends on all Sporcle quizzes.
Join for Free
OR
Log In

You Might Also Like...

Show Comments

Extras

Top Quizzes Today


Score Distribution

Your Account Isn't Verified!

In order to create a playlist on Sporcle, you need to verify the email address you used during registration. Go to your Sporcle Settings to finish the process.

Report this User

Report this user for behavior that violates our Community Guidelines.

Details: